| 000 | 01264nam0a22002771 4500 | ||
|---|---|---|---|
| 001 | rc\4225711 | ||
| 005 | 20130416110335.8 | ||
| 021 |
_aRU _b[68-44705] |
||
| 035 | _a(NLR Aleph) 008461753 | ||
| 090 |
_a7873990 _c7873990 |
||
| 100 | _a20130416d1968 |||y0rusy50 ca | ||
| 101 | 0 | _arus | |
| 102 | _aRU | ||
| 105 | _aa z ||||| | ||
| 200 | 1 |
_aОпыт изготовления и эксплуатации нестандартных деревообрабатывающих станков на ДОКе № 7 _fМ-во лесной, целлюлозно-бум. и деревообрабатывающей пром-сти СССР. Центр. науч.-исслед. ин-т информации и техн.-экон. исследований по лесной, целлюлозно-бум. и деревообрабатывающей пром-сти |
|
| 210 |
_aМосква _cБ. и. _d1968 |
||
| 215 |
_a32 с. _cил. _d21 |
||
| 225 | 1 | _a[Деревообработка] | |
| 300 | _aНа обл. авт. не указан | ||
| 606 |
_aДеревообрабатывающие станки _2psbo |
||
| 700 | 1 |
_aАлексеев _bА. С. |
|
| 801 | 0 |
_aRU _bNLR _gpsbo |
|
| 801 | 1 |
_aRU _bELAR _2rusmarc |
|
| 852 |
_aNLR _j68-6/6045 |
||
| 942 | _cBOOK | ||
| 980 | _aNB | ||